000 00810cam a2200229 a 4500
020 _a0028018567 (alk. paper)
082 0 0 _a629.25
_bCRO
_cDON
100 1 _aCrouse, William Harry,
_944409
245 1 0 _aAutomotive tuneup and engine performance /
_cWilliam H. Crouse and Donald L. Anglin.
250 _a3rd ed.
260 _aNew York :
_bGlencoe/McGraw-Hill,
_cc1996.
300 _avi, 457 p. :
_bill. ;
_c28 cm.
500 _aIncludes index.
500 _aRev. ed. of: Automotive tuneup. 2nd ed. c1983.
526 _a0
_b0
_c0
_d629_250000000000000_CRO
650 0 _aAutomobiles
_xMaintenance and repair.
_944349
650 0 _aAutomobiles
_xMotors
_xMaintenance and repair.
_944410
650 0 _aMCE
_9379
700 1 _aAnglin, Donald L.
_944411
700 1 _aCrouse, William Harry,
_944409
942 _2ddc
_cBK
999 _c548202
_d548202